000 00580nam a22001697a 4500
005 20231128121159.0
008 231128b |||||||| |||| 00| 0 eng d
020 _a9290370467
041 _aEnglish
082 _a340.1 CEN
100 _lEnglish
245 _aAttacks on Justice :
_bThe Harassment and Persecution of Judges and Lawyers July 1989 - June 1990 /
_cedited by R Brody
260 _aGeneva :
_bInternational Commission of Jurists,
_c1990
300 _b107 pages ;
_c30,4 cm.
650 _aLegal practice
_bLaw
942 _cBK
_6ALISON_BN_VRIES
999 _c1004
_d1004